Normal view
MARC view
Entry Topical Term
001 - CONTROL NUMBER
- control field: 93080
003 - CONTROL NUMBER IDENTIFIER
- control field: BI-BuBU
005 - DATE AND TIME OF LATEST TRANSACTION
- control field: 20140613094450.0
008 - FIXED-LENGTH DATA ELEMENTS
- fixed length control field: 140613|||a|||||| | ||| d
040 ## - CATALOGING SOURCE
- Original cataloging agency: BI-BuBU
- Transcribing agency: BI-BuBU
150 ## - HEADING--TOPICAL TERM
- Topical term or geographic name as entry element: Mortalité
- General subdivision: Pédiatrie
- Geographic subdivision: Hôpital de Makamba
670 ## - SOURCE DATA FOUND
- Source citation: Work cat.: (BI-BuBU): aut Niyongabo, Jérôme 93078, Etude de la morbidité et de la mortalité dans le service de pédiatrie de deux hôpitaux de la province Makamba, 2013
670 ## - SOURCE DATA FOUND
- Source citation: Work cat.: (BI-BuBU): aut Niyongabo, Jérôme 93078, Etude de la morbidité et de la mortalité dans le service de pédiatrie de deux hôpitaux de la province Makamba, 2013